01954nam a2200337Ia 4500001001100000003000800011006001900019007001500038008004100053020002100094040002100115035002100136050002500157245010800182260005300290300002300343490005600366504005100422505059100473533015201064650003501216650003701251650002501288655002901313700003101342700002901373710001701402830005701419856012501476999001501601ebr5006982CaPaEBRm u cr cn|||||||||970808s1997 enka sb 001 0 eng d z085404230X (pbk) aCaPaEBRcCaPaEBR a(OCoLC)15064613514aTD878b.C662 1997beb00aContaminated land and its reclamationh[electronic resource] /ceditors, R.E. Hester and R.M. Harrison. aCambridge :bRoyal Society of Chemistry,cc1997. axv, 145 p. :bill.1 aIssues in environmental science and technology ;v7 aIncludes bibliographical references and index.0 tOverview : context, calculating risk and using consultants/rPeter J. Young, Simon Pollard and Phillip Crowcroft--tUK government policy and controls/rMary R. Harris and Judith Denner--tRemediation methods for contaminated sites/rPeter A. Wood--tLand reclamation after coal-mining operations/rDavid L. Rimmer and Alan Younger--tRemediation of lead-, zinc- and cadmium-contaminated soils/rMichael Lambert ... [et al.]--tRisk assessment and management strategies/rGwyn Griffiths and Steve Smith--tLegal liabilities and insurance aspects of contaminated land/rAnthony J. Lennon. aElectronic reproduction.bPalo Alto, Calif. :cebrary,d2013.nAvailable via World Wide Web.nAccess may be limited to ebrary affiliated libraries. 0aSoil pollutionzGreat Britain. 0aSoil remediationzGreat Britain. 0aReclamation of land. 7aElectronic books.2local1 aHester, R. E.q(Ronald E.)1 aHarrison, Roy M.,d1948-2 aebrary, Inc. 0aIssues in environmental science and technology ;v7.40uhttp://site.ebrary.com/lib/rucke/Doc?id=5006982zAn electronic book accessible through the World Wide Web; click to view c6267d6267